Normal view
MARC view
- Series Book;Creating Success Series Books;Personality Development
Entry Topical Term
001 - CONTROL NUMBER
- control field: 215197
003 - CONTROL NUMBER IDENTIFIER
- control field: OSt
005 - DATE AND TIME OF LATEST TRANSACTION
- control field: 20251120193346.0
008 - FIXED-LENGTH DATA ELEMENTS
- fixed length control field: 251120|| aca||aabn | a|a d
040 ## - CATALOGING SOURCE
- Original cataloging agency: OSt
- Transcribing agency: OSt
150 ## - HEADING--TOPICAL TERM
- Topical term or geographic name entry element: Series Book;Creating Success Series Books;Personality Development
670 ## - SOURCE DATA FOUND
- Source citation: Work cat.: (OSt)93473: Youell R 215195, Effective Nlp Skills, 2013